Sportifs et indices (click quiz) - Statistiques

Statistiques générales
  • Ce quiz a été pris 119 fois
  • Le résultat moyen est 7 sur 8
Statistiques - réponses
Hint Réponse % Correct
Arrange ta grande chaise Arantxa Sanchez
89%
...ou et donc or ni car ? Merckx
89%
Le rat des villes et le rat... Deschamps
88%
Endroit où se trouve Séville : en...ousie Nadal
87%
...let the dogs out ? Woods (Tiger)
87%
3...et 1 tondu Pelée
82%
1 paquet de pâtes, ça coûte 3 francs... Zizou
81%
... que l'amour... Cantona
79%
Aucun quiz correspondant
Distribution des résultats
% des personnes avec chaque résultat
Percentile par nombre de réponses
Votre historique - résultats
Vous n’avez pas pris ce quiz